000 00530cab a2200217 4500
001 X1305
008 090401t1994 xxu||||| |||| 00| 0 eng d
035 _a(Sirsi) u16106
041 _aeng
245 _aGood health in business
260 _c1994
350 _a0
490 _aCSM (Chartered Surveyor Monthly)
_v3(6) March 1994, 3(1)
650 _aNATIONAL HEALTH SERVICE
650 _aNHS ESTATE
650 _aNHS
650 _aPROPERTY
690 _aPROPERTY-COMMERCIAL PROPERTY
942 _n0
948 _c04/03/1997
999 _c10590
_d10590